000 00639nam a2200229Ia 4500
005 20250425162809.0
008 250425s9999 xx 000 0 und d
041 _aspa
082 _a629.2
100 _aDE CASTRO VICENTE, MIGUEL
245 0 _aENCICLOPEDIA CEAC DEL MOTOR Y AUTOMOVIL: ELECTRICIDAD DEL AUTOMOVIL (ENCENDIDO Y ACCESORIOS)
250 _a5A ED.
260 _aBARCELONA
260 _aEspaƱa
_bCEAC
_c1973
300 _a493
650 _aACCESORIOS DE VEHICULOS
650 _aELECTRICIDAD EN EL AUTOMOVIL
650 _aENCENDIDO ELECTRICO
650 _aVEHICULOS AUTOMOTRICES
942 _c01
010 _a108967
999 _c236611
_d236611